Famous Peters Quiz - Statistics

General Stats
  • This quiz has been taken 19,840 times
    16,441 since last reset
  • The average score is 10 of 20
Answer Stats
Clue Famous Peter % Correct
He never wanted to grow up Peter Pan
97%
Spiderman's alter-ego Peter Parker
83%
He mans the pearly gates Saint Peter
79%
Russian czar 1682-1725 Peter the Great
66%
"Lord of the Rings" director Peter Jackson
60%
Son of Henry, brother of Jane, father of Bridget Peter Fonda
59%
"Family Guy" patriarch Peter Griffin
59%
Agassi's rival Pete Sampras
55%
Star of "Lawrence of Arabia" Peter O'Toole
47%
Lead singer of Genesis Peter Gabriel
45%
Snuck into Mr. McGregor's garden Peter Rabbit
45%
Inspector Clouseau Peter Sellers
44%
Guitarist for The Who Pete Townshend
42%
"Swan Lake" composer Peter Tchaikovsky
40%
Baseball's all-time hits leader Pete Rose
35%
The 5th Beatle Pete Best
29%
Baby, he loves your way Peter Frampton
26%
ABC news anchor, 1983-2005 Peter Jennings
24%
Famous 1950's folk singer Pete Seeger
23%
He painted fleshy women Peter Paul Rubens
18%
No matching quizzes found
Score Distribution
Percent of People with Each Score
Percentile by Number Answered
Your Score History
You have not taken this quiz since the last reset